| 000 | 00786cam a22002771a 4500 | ||
|---|---|---|---|
| 999 |
_c5796 _d5796 |
||
| 001 | 5796 | ||
| 003 | BD-JhCC | ||
| 005 | 20180328173456.0 | ||
| 008 | 700514s1969 enkcf b 000 0 eng | ||
| 020 | _a0192151673 | ||
| 035 | _a(BD-JhCC)5796 | ||
| 035 | _a2546450 | ||
| 040 |
_aLC _cLC _dNUN _dBD-JhCC |
||
| 041 | _aeng | ||
| 050 | 0 | 0 |
_aDS383.5.A2 _bB52 |
| 082 | 1 | 4 |
_a327.549 _bBHU 1959 |
| 100 | 1 |
_aBhutto, Zulfikar Ali, _d1928-1979. |
|
| 245 | 1 | 4 |
_aThe myth of independence / _cZulfika Ali Bhutto. |
| 260 |
_aLondon : _aLahore [etc.] : _bOxford U.P., _c1969. |
||
| 300 |
_ax, 188 p. : _b4 plates, ports. ; _c23 cm. |
||
| 504 | _aBibliographical footnotes. | ||
| 650 | _aDiplomatic relations | ||
| 651 | 0 |
_aPakistan _xForeign relations. |
|
| 942 |
_2ddc _cBK |
||